Statistics for Top 5 cities by Population - North America #5

Click here to take the quiz!

General Stats

  • This quiz has been taken 12 times
  • The average score is 4 of 15

Answer Stats

HintAnswer% Correct
The BahamasNassau
100%
HaitiPort-au-Prince
100%
Dominican RepublicSanto Domingo
100%
Dominican RepublicSanto Domingo Este
33%
Dominican RepublicSanto Domingo Oeste
33%
HaitiCarrefour
0%
The BahamasCooper's Town
0%
HaitiDelmas 73
0%
The BahamasFreeport
0%
The BahamasLucaya
0%
HaitiPetionville
0%
HaitiPort-de-Paix
0%
Dominican RepublicSan Pedro de Macoris
0%
Dominican RepublicSantiago de los Caballeros
0%
The BahamasWest End
0%

Score Distribution

Percentile by Number Answered

Percent of People with Each Score

Your Score History

You have not taken this quiz